01444nam0a22002531 4500001001100000005001700011021001900028035002600047100004100073101000800114102000700122105001800129200046800147210004000615215002700655320005000682606007000732702006900802702002800871712023200899801001801131801002201149852001901171rc\375282020260406162542.0 aRUb[71-79315] a(NLR Aleph) 007875008 a20130115d1971 |||y0rusy50 ca0 arus aRU aa z |||||1 aСтроительная механика сооруженийeСборник науч. работ, посвящ. 100-летию со дня рождения акад. Б.Г. ГалеркинаfПод ред. Л.А. РозинаgМ-во высш. и сред. спец. образования РСФСР. Ленингр. политехн. ин-т им. М.И. Калинина. Кафедра строит. механики и теории упругости a[Ленинград]cБ. и.d1971 a194 с.cчерт.d20 aСписки лит. в конце работ aСтроительная механикаjСборники2psbo 1aГалеркинbБ.Г.gБорис Григорьевич4570 1aРозинbЛ.А.434002aЛенинградский политехнический институт им. М. И. КалининаbКафедра строительной механики и теории упругости3RU\NLR\AUTH\889933992 0aRUbNLRgpsbo 1aRUbELAR2rusmarc aNLRj71-3/7374